Statistics for Classic Doctor Who Writers

Click here to take the quiz!

General Stats

  • This quiz has been taken 115 times
  • The average score is 28 of 68

Answer Stats

Writer% Correct
Terry Nation
93%
Robert Holmes
90%
Terrance Dicks
90%
Pip and Jane Baker
81%
Douglas Adams
74%
Eric Saward
71%
Bob Baker
69%
Kit Pedler
69%
Gerry Davis
67%
Malcolm Hulke
64%
Rona Munro
62%
David Whitaker
60%
Anthony Coburn
55%
Christopher H. Bidmead
55%
Barry Letts
52%
Ben Aaronovitch
52%
Dave Martin
52%
Marc Platt
48%
Philip Martin
48%
Andrew Smith
45%
Dennis Spooner
45%
Graham Williams
45%
Chris Boucher
43%
Louis Marks
43%
Brian Hayles
40%
Paula Moore
40%
Victor Pemberton
40%
Barbara Clegg
38%
David Fisher
38%
Donald Tosh
38%
Ian Stuart Black
38%
John Lucarotti
38%
Johnny Byrne
38%
Peter Grimwade
38%
Robert Banks Stewart
38%
Robert Sloman
38%
Donald Cotton
36%
Ian Briggs
36%
Christopher Bailey
33%
Derrick Sherwin
33%
Don Houghton
33%
Glyn Jones
33%
Henry Lincoln
33%
Stephen Wyatt
33%
Elwyn Jones
31%
Glen McCoy
31%
Anthony Read
29%
Peter R. Newman
29%
Terence Dudley
29%
Bill Strutton
26%
C. E. Webber
26%
Eric Pringle
26%
Graeme Curry
26%
Mervyn Haisman
26%
Peter Ling
26%
Stephen Gallagher
26%
Lewis Greifer
24%
Malcolm Kohll
24%
William Emms
24%
Anthony Steven
21%
Kevin Clarke
21%
Geoffrey Orme
19%
Lesley Scott
19%
Andrew McCulloch
17%
David Ellis
17%
Paul Erickson
17%
John Flanagan
14%
Trevor Ray
14%

Score Distribution

Percentile by Number Answered

Percent of People with Each Score

Your Score History

You have not taken this quiz